|
|
|
|
| LEADER |
01407nam a22003972a 4500 |
| 001 |
001671920 |
| 003 |
CZ BrMZK |
| 005 |
20200319070017.0 |
| 007 |
ta |
| 008 |
190305s1956 xr a erf||||||||||cze d |
| 015 |
|
|
|a cnb000680768
|
| 035 |
|
|
|a (OCoLC)85456537
|
| 040 |
|
|
|a ABE311
|b cze
|d BOA001
|
| 072 |
|
7 |
|a 620.1/.2
|x Nauka o materiálu
|2 Konspekt
|9 19
|
| 080 |
|
|
|a 621:658.62
|2 MRF
|
| 080 |
|
|
|a 620.193
|2 MRF
|
| 080 |
|
|
|a 620.197
|2 MRF
|
| 080 |
|
|
|a (035)
|2 MRF
|
| 100 |
1 |
|
|a Růžička, Jindřich
|7 jx20041104035
|4 aut
|
| 245 |
1 |
0 |
|a Korose a ochrana strojírenských výrobků během jejich výroby /
|c Jindřich Růžička a Miroslav Svoboda
|
| 250 |
|
|
|a 1. vyd.
|
| 260 |
|
|
|a Praha :
|b Ústav pro technické a ekonomické informace,
|c 1956
|
| 300 |
|
|
|a 32 s. :
|b il. ;
|c 8°
|
| 490 |
1 |
|
|a Technické informace ;
|v řada 5, sv. 4
|
| 500 |
|
|
|a 380 výt.
|
| 504 |
|
|
|a Obsahuje bibliografii
|
| 650 |
0 |
7 |
|a strojírenské výrobky
|7 ph116300
|2 czenas
|
| 650 |
0 |
7 |
|a koroze
|7 ph121875
|2 czenas
|
| 650 |
0 |
7 |
|a ochrana materiálů
|7 ph249449
|2 czenas
|
| 655 |
|
7 |
|a příručky
|7 fd133209
|2 czenas
|
| 700 |
1 |
|
|a Svoboda, Miroslav,
|d 1927-
|7 jk01122058
|4 aut
|
| 830 |
|
0 |
|a Technické informace (Ústav pro technické a ekonomické informace)
|
| 910 |
|
|
|a BOA001
|b X-0379.747
|
| 990 |
|
|
|a BK
|
| 991 |
|
|
|b 201903
|
| 996 |
6 |
|
|b 2618977722
|c X-0379.747
|l MZK
|r Sklad / do 24 hodin
|n 0
|w 001711119
|u 000010
|a 1
|e BOA001
|j MZK50
|s P
|